000 00842nam a2200265Ia 4500
003 OSt
005 20220918171115.0
006 a|||||r|||| 00| 0
007 ta
008 220917b |||||||| |||| 00| 0 eng d
020 _a9781138859357 (hbk)
_c850
024 _a284,960
037 _b3419, 27/03/2015, Sanchit Book Service
_cTextual
040 _aARTS
_cARTS
_beng
041 _2eng
_aeng
082 _aR6,(S:52), Q5
100 _aBilimoria Purushottama Ed.
_914500
245 0 _aEmotions in Indian thought systems
260 _aLondon
_bRoutledge UK
_c2015
300 _ax,289p.
_ccm.
650 _aPHILOSOPHY
700 _a Wenta Aleksandra Ed.
_934136
942 _hR6,(S:52), Q5
_cTEXL
_2CC
999 _c137889
_d137889